000 00738nam a22001817a 4500
999 _c169961
_d169961
005 20200103111120.0
010 _aB-80848
020 _c75.00
_a-
035 _aB-80848
037 _bBPPD
082 _a270.9
100 _aا لحا ج ظفر محمو د ز بير ی قا د ر ی
245 _aتا ر يخ ا سلا م ا و ر حضر ت ز بير و آ ل ز بير کی خد مت
_cا لحا ج ظفر محمو د ز بير ی قا د ر ی
260 _aN,Delhi
_c2002 ء
_bا لحا ج ظفر محمو د ز بير ی قا د ر ی
270 _aMadarsa Gulshan Islam ,Jahan Panahud Houz Rani Malviya Nagar
_bN.D.
_k-
_e110017
300 _a144 ص
_c22 cm(hb)
942 _2ddc
_cUR
_h270.9
_mق ا د